000
00280nam a2200109Ia 4500
008
200302s9999 xx 000 0 und d
100
_a
Ted Ruddock
245
_a
Arch Bridges and Their Builders 1735-1835
260
_b
Cambridge University Press
260
_c
1979
300
_a
254 P.,
999
_c
2256
_d
2256